00713nam a2200169Ia 4500001001100000003000500011008004100016010001100057040000900068100003400077245019100111260003400302300002200336502010100358700003400459710005000493Para_10456CHAP220125sDici xx 000 0 und d a209141 cCHAP aCuevas Farfán, Jorge Rafael aDetección y transmisión de Geminivirus (Begomovirus) en el cultivo de chile (Capsicum annuum L.) en el norte de Sinaloa /c Jorge Rafael Cuevas Farfán; Director Artemio Rosas Meza aChapingo, Méx. :b el autor a1 CDS ROM (40 p.) aTesis (Ing. Agr. Esp. Parasitología Agrícola). UACH. Departamento Parasitología Agrícola aRosas Meza, Artemio. Director aUACH Departamento Parasitología Agrícola